[Event "XVe Open International de l'Indre"]
[Site "Chateauroux - FRA"]
[Date "2014.10.25"]
[Round "1.1"]
[White "Le Bail, Stephane"]
[Black "Inkiov, Ventzislav"]
[Result "0-1"]
[WhiteElo "1754"]
[BlackElo "2435"]
[Board "1"]
[Input " "]
[Owner "FFE"]

1.d4 Nf6 2.Bf4 c5 3.c3 Qb6 4.Qb3 cxd4 5.Qxb6 axb6 6.Bxb8 Rxb8 7.cxd4 
e6 8.e3 Bb4+ 9.Nc3 Ne4 10.Ne2 d5 11.f3 Nxc3 12.Nxc3 Bd7 13.Rc1 Ke7 
14.a3 Bd6 15.Bb5 Bc6 16.O-O Rbc8 17.Bd3 e5 18.Nb5 Bxb5 19.Bxb5 exd4 
20.exd4 Bf4 21.Rfe1+ Kd6 22.Rxc8 Rxc8 23.a4 Rc2 24.g3 Bg5 25.Be8 Bf6 
26.Rd1 Ke7 27.Re1+ Kf8 28.Bb5 g5 29.Re8+ Kg7 30.Rb8 Bxd4+ 31.Kh1 h5 
32.Rxb7 g4 33.fxg4 hxg4 34.Bf1 Rxb2 35.Rd7 Rf2 36.Bb5 Rd2 37.Bf1 Be3 
38.Re7 d4 39.Re4 f5 40.Re6 Rb2 41.Re5 Rf2 42.Bd3 Rd2 43.Bf1 Kf6 44.
Rb5 Rd1 45.Kg2 d3 46.Rd5 d2 47.Rd3 Re1 0-1

[Event "XVe Open International de l'Indre"]
[Site "Chateauroux - FRA"]
[Date "2014.10.25"]
[Round "1.2"]
[White "Battaglini, Gabriel"]
[Black "Bleau, Adrien"]
[Result "1-0"]
[WhiteElo "2430"]
[BlackElo "1752"]
[Board "2"]
[Input " "]
[Owner "FFE"]

1.d4 Nf6 2.c4 g6 3.Nc3 d5 4.Bg5 Bg7 5.Nf3 Ne4 6.Bh4 c5 7.cxd5 Nxc3 8.
bxc3 cxd4 9.cxd4 Qxd5 10.e3 Nc6 11.Be2 O-O 12.O-O b6 13.Qb3 Be6 14.
Rac1 Qd7 15.Qb1 Rac8 16.Ba6 Rcd8 17.Bb5 Rc8 18.Rfd1 Rfd8 19.d5 Bxd5 
20.e4 Bxa2 21.Rxd7 Bxb1 22.Rxd8+ Rxd8 23.Rxb1 Ne5 24.Nxe5 Bxe5 25.
Bxe7 Rd2 26.Bg5 1-0

[Event "XVe Open International de l'Indre"]
[Site "Chateauroux - FRA"]
[Date "2014.10.25"]
[Round "1.3"]
[White "Cassonnet, Arnaud"]
[Black "Liohki, Nikola"]
[Result "0-1"]
[WhiteElo "1730"]
[BlackElo "2410"]
[Board "3"]
[Input " "]
[Owner "FFE"]

1.e4 e6 2.f4 d5 3.e5 c5 4.Nf3 Nc6 5.c4 d4 6.d3 Nh6 7.Nbd2 Nf5 8.Ne4 
h5 9.a3 a5 10.Be2 Be7 11.O-O a4 12.Bd2 Qd7 13.Rb1 Na5 14.Bxa5 Rxa5 
15.Qd2 Ra6 16.Rf2 b6 17.h3 Bb7 18.Ne1 Bh4 19.Rf1 Ne3 20.Rf3 Nxc4 21.
Qc1 Bxe4 22.dxe4 b5 23.Bxc4 Bxe1 24.Bxb5 Qxb5 25.Qxe1 c4 26.Qg3 c3 
27.Qxg7 Rf8 28.f5 c2 29.Rbf1 d3 30.fxe6 Qc5+ 31.Kh1 c1=Q 32.Rxf7 
Qxf1+ 33.Rxf1 Rxf1+ 34.Kh2 Qg1+ 35.Kg3 Qf2+ 36.Kh2 Qf4+ 0-1

[Event "XVe Open International de l'Indre"]
[Site "Chateauroux - FRA"]
[Date "2014.10.25"]
[Round "1.4"]
[White "Bujisho, Benjamin"]
[Black "Meunier-Pion, Jean"]
[Result "1-0"]
[WhiteElo "2350"]
[BlackElo "1730"]
[Board "4"]
[Input " "]
[Owner "FFE"]

1.d4 Nf6 2.Nf3 b6 3.Bg5 Bb7 4.Nbd2 e6 5.e4 h6 6.Bxf6 Qxf6 7.Bd3 d6 8.
Qe2 Nd7 9.Ba6 Bxa6 10.Qxa6 g5 11.h3 c5 12.c3 Bg7 13.Nc4 Qf4 14.O-O 
O-O 15.Rfe1 h5 16.Qa4 Rfd8 17.Qd1 g4 18.hxg4 hxg4 19.Nh2 cxd4 20.g3 
Qg5 21.cxd4 d5 22.exd5 Qxd5 23.Qe2 Rac8 24.b3 b5 25.Ne5 Nf8 26.Rad1 
f5 27.Nf1 Rc7 28.Ne3 Qe4 29.Qxb5 Rxd4 30.Rxd4 Qxd4 31.Nd3 Bf6 32.Nf4 
Rc5 33.Qe8 Qd2 34.Rd1 Rc1 35.Rxc1 Qxc1+ 36.Kg2 Qb1 37.Ng6 Qe4+ 38.Kh2
Bg7 39.Ng2 Qe2 40.Ne7+ Kh8 41.Nxf5 Qxf2 42.Qh5+ Nh7 43.Nxg7 Kxg7 44.
Qxg4+ Kf7 45.Qf4+ Qxf4 46.Nxf4 e5 47.Nd5 Ng5 48.Kg2 Ke6 49.Kf2 Kf5 
50.Ke3 Nf7 51.Nc3 Nh6 52.b4 Ng4+ 53.Kd3 Nf2+ 54.Ke2 Ng4 55.Nb5 Nf6 
56.Nxa7 Nd5 57.a3 Kg4 58.Nc8 Kxg3 59.Nd6 Kf4 60.Kd3 Nf6 61.a4 e4+ 62.
Nxe4 Nxe4 63.a5 Nd6 64.a6 Nc8 65.Kd4 Na7 66.Kc5 Ke5 67.b5 Nc8 68.b6 
1-0

[Event "XVe Open International de l'Indre"]
[Site "Chateauroux - FRA"]
[Date "2014.10.25"]
[Round "1.5"]
[White "Palomar, Felix"]
[Black "Chaudagne, Christophe"]
[Result "1-0"]
[WhiteElo "1726"]
[BlackElo "2108"]
[Board "5"]
[Input " "]
[Owner "FFE"]

1.e4 e6 2.d4 d5 3.Nd2 Nc6 4.c3 e5 5.Bb5 dxe4 6.Nxe4 Qd5 7.Qe2 Be6 8.
Nf3 exd4 9.Nxd4 Ne7 10.O-O O-O-O 11.Ng5 Nxd4 12.cxd4 Rd6 13.Bf4 Rb6 
14.a4 Nf5 15.Rac1 Nd6 16.Bd3 Bf5 17.Rc5 Bxd3 18.Qxd3 Qa2 19.Rfc1 c6 
20.d5 h6 21.Nxf7 Nxf7 22.Qf5+ Kd8 23.Qxf7 Bxc5 24.Qc7+ Ke8 25.Re1+ 
Kf8 26.Bd6+ Bxd6 27.Qxd6+ Kg8 28.Qe6+ Kh7 29.Qf5+ 1-0

[Event "XVe Open International de l'Indre"]
[Site "Chateauroux - FRA"]
[Date "2014.10.25"]
[Round "1.6"]
[White "Malczyk, Jakub"]
[Black "Rogier, Jean-Louis"]
[Result "1-0"]
[WhiteElo "2068"]
[BlackElo "1685"]
[Board "6"]
[Input " "]
[Owner "FFE"]

1.d4 d5 2.c4 c6 3.Nc3 Nf6 4.e3 Bf5 5.Nf3 e6 6.Ne5 Nbd7 7.f4 Nxe5 8.
fxe5 Ne4 9.Nxe4 Bxe4 10.Qg4 Bb4+ 11.Bd2 Qa5 12.Rd1 Bc2 13.Bxb4 Qxb4+ 
14.Rd2 Qxb2 15.Qd1 Bxd1 16.Rxb2 Ba4 17.Rxb7 O-O 18.Rb4 Bc2 19.Kd2 Be4
20.Bd3 a5 21.Rb6 Bxg2 22.Rg1 dxc4 23.Rxg2 cxd3 24.Kxd3 Rfc8 25.Rc2 
Kf8 26.Rbxc6 Rxc6 27.Rxc6 Ra7 28.a4 g5 29.e4 h5 30.d5 Ke7 31.Rb6 g4 
32.Ke3 Rc7 33.d6+ 1-0

[Event "XVe Open International de l'Indre"]
[Site "Chateauroux - FRA"]
[Date "2014.10.25"]
[Round "1.7"]
[White "Augonnet, Herve"]
[Black "Valette, Christian"]
[Result "0-1"]
[WhiteElo "1682"]
[BlackElo "2042"]
[Board "7"]
[Input " "]
[Owner "FFE"]

1.e4 e6 2.d4 d5 3.Nd2 Nf6 4.e5 Nfd7 5.Ndf3 c5 6.c3 Nc6 7.Bd3 cxd4 8.
cxd4 Qb6 9.Ne2 f6 10.exf6 Nxf6 11.O-O Bd6 12.a3 O-O 13.Qc2 e5 14.dxe5
Nxe5 15.Nxe5 Bxe5 16.Ng3 Bd7 17.Rb1 Rac8 18.Qd1 Ng4 19.Be3 Nxe3 20.
fxe3 Qxe3+ 21.Kh1 Bxg3 22.hxg3 Rxf1+ 23.Qxf1 Qxg3 24.Rd1 Qh4+ 25.Kg1 
Rf8 26.Qe1 Qxe1+ 27.Rxe1 Re8 28.Rd1 Re5 29.Kf2 h6 30.Bg6 Kf8 31.Rd2 
Ke7 32.g3 Kf6 33.Bb1 Bc6 34.b4 Rh5 35.Ke3 Ke5 36.Ba2 Rh3 37.b5 d4+ 
38.Rxd4 Rxg3+ 39.Kf2 Rf3+ 40.Kg2 Rxa3+ 41.bxc6 Rxa2+ 0-1

[Event "XVe Open International de l'Indre"]
[Site "Chateauroux - FRA"]
[Date "2014.10.25"]
[Round "1.8"]
[White "Egreteau, Eric"]
[Black "Owen, Michael"]
[Result "1-0"]
[WhiteElo "2038"]
[BlackElo "1682"]
[Board "8"]
[Input " "]
[Owner "FFE"]

1.e4 d5 2.Nc3 dxe4 3.Nxe4 g6 4.Nf3 Bg7 5.d4 Nf6 6.Nxf6+ Bxf6 7.Bh6 
Bg4 8.c3 Qd5 9.Qa4+ Nd7 10.Be2 Qh5 11.Bf4 c6 12.h3 Nb6 13.Qb3 O-O 14.
O-O Bxf3 15.Bxf3 Qf5 16.Bg3 Qd7 17.a4 e6 18.Rfd1 Qe7 19.a5 Nd5 20.c4 
Qb4 21.Ra3 Qxb3 22.Rxb3 Ne7 23.Rxb7 Nf5 24.Be5 Bxe5 25.dxe5 Rfb8 26.
a6 Rxb7 27.axb7 Rb8 28.Bxc6 Ne7 29.Be4 Nd5 30.cxd5 Rxb7 1-0

[Event "XVe Open International de l'Indre"]
[Site "Chateauroux - FRA"]
[Date "2014.10.25"]
[Round "1.9"]
[White "Gauclain, Loic"]
[Black "Viers, Emmanuel"]
[Result "0-1"]
[WhiteElo "1675"]
[BlackElo "2035"]
[Board "9"]
[Input " "]
[Owner "FFE"]

1.e4 c5 2.Nc3 g6 3.g3 Bg7 4.Bg2 Nc6 5.f4 d6 6.Nf3 Nd4 7.O-O Bg4 8.h3 
Bxf3 9.Bxf3 Nxf3+ 10.Qxf3 Nf6 11.Ne2 O-O 12.c3 e6 13.g4 Nd7 14.Ng3 c4
15.d4 cxd3 16.Qxd3 Nc5 17.Qc2 b5 18.Be3 Qc7 19.Rad1 a5 20.f5 d5 21.
Bf4 Be5 22.Bh6 Bxg3 23.Bxf8 Rxf8 24.exd5 exd5 25.Rxd5 Bh4 26.Qg2 Re8 
27.fxg6 hxg6 28.Qf3 Ne4 29.Rfd1 Qb6+ 30.Kg2 Ng5 31.Qf1 Qe3 32.R5d3 
Qe2+ 33.Qxe2 Rxe2+ 34.Kf1 Rf2+ 35.Kg1 Nf3+ 36.Rxf3 Rxf3 37.Rd5 b4 38.
cxb4 axb4 39.Rb5 Be7 40.Kg2 Rd3 41.Re5 Bd6 42.Re2 Rg3+ 43.Kf1 Rxh3 
44.Re8+ Kg7 45.Rd8 Bf8 46.Kg2 Re3 47.Kf2 Re4 48.Kf3 Re1 49.b3 Bc5 50.
Rc8 Bd4 51.Kf4 Re2 52.Ra8 Bb2 53.Kf3 Rh2 54.a4 bxa3 55.b4 Rh3+ 56.Ke2
Rb3 57.Ra4 Rxb4 58.Rxb4 a2 59.Ra4 a1=Q 60.Rxa1 Bxa1 61.Kf3 f5 62.gxf5
gxf5 63.Kf4 Kf6 64.Kf3 Kg5 65.Kg3 f4+ 66.Kg2 Kg4 67.Kf2 f3 68.Kg1 Kg3
69.Kh1 Bb2 70.Kg1 f2+ 71.Kf1 Ba1 0-1

[Event "XVe Open International de l'Indre"]
[Site "Chateauroux - FRA"]
[Date "2014.10.25"]
[Round "1.10"]
[White "Sobry, Sebastien"]
[Black "Triboulet, Benjamin"]
[Result "1-0"]
[WhiteElo "2033"]
[BlackElo "1654"]
[Board "10"]
[Input " "]
[Owner "FFE"]

1.e4 c6 2.d4 d5 3.Nc3 dxe4 4.Nxe4 Bf5 5.Ng3 Bg6 6.Nf3 Nd7 7.Bd3 Ngf6 
8.Bg5 Qa5+ 9.c3 O-O-O 10.Bxg6 hxg6 11.Qb3 e6 12.O-O-O Bd6 13.Rhe1 
Rde8 14.h3 Bxg3 15.fxg3 Rh5 16.Bd2 Qb6 17.Qc2 Qa6 18.a3 c5 19.g4 Rhh8
20.Ng5 Re7 21.c4 Nb6 22.dxc5 Nxc4 23.Bb4 Rc7 24.Rd4 Nb6 25.Nxf7 Rf8 
26.Nd6+ Kb8 27.Rxe6 Nbd5 28.Qc4 Nxb4 29.axb4 Qa1+ 30.Kc2 Nxg4 31.hxg4
Rf2+ 32.Re2 Qa4+ 33.Kc3 Rxe2 34.Qg8+ 1-0

[Event "XVe Open International de l'Indre"]
[Site "Chateauroux - FRA"]
[Date "2014.10.25"]
[Round "1.11"]
[White "Darre, Alain"]
[Black "Zarebski, Cezary"]
[Result "1-0"]
[WhiteElo "1643"]
[BlackElo "2025"]
[Board "11"]
[Input " "]
[Owner "FFE"]

1.d4 Nf6 2.Nc3 c5 3.Bg5 cxd4 4.Bxf6 gxf6 5.Qxd4 Nc6 6.Qa4 d6 7.e3 Bd7
8.Nf3 Bg7 9.O-O-O Rc8 10.Be2 f5 11.Qa3 a6 12.Nd4 O-O 13.h3 Nxd4 14.
exd4 d5 15.g4 e6 16.f4 Qc7 17.Rhf1 b5 18.Rd2 Qb6 19.Nd1 Bxd4 20.gxf5 
Kh8 21.Qe7 Bg7 22.Qxd7 Rc7 23.fxe6 fxe6 24.Rxd5 Rxd7 25.Rxd7 Qc6 26.
Rd3 Qc7 27.Bg4 e5 28.f5 e4 29.Rb3 Bh6+ 30.Kb1 Rd8 31.Ne3 a5 32.a3 Rd2
33.Rc3 Qb7 34.f6 Rd8 35.Nf5 Bf8 36.Re1 b4 37.axb4 axb4 38.Rce3 Ra8 
39.Rxe4 b3 40.Re8 Ra1+ 41.Kxa1 Qa6+ 42.Kb1 bxc2+ 43.Kxc2 1-0

[Event "XVe Open International de l'Indre"]
[Site "Chateauroux - FRA"]
[Date "2014.10.25"]
[Round "1.12"]
[White "Kessler, Stefan"]
[Black "Sogny, Richard"]
[Result "1-0"]
[WhiteElo "2023"]
[BlackElo "1624"]
[Board "12"]
[Input " "]
[Owner "FFE"]

1.c4 c5 2.Nf3 Nc6 3.d4 cxd4 4.Nxd4 Nf6 5.Nc3 e6 6.Ndb5 a6 7.Nd6+ Bxd6
8.Qxd6 Qe7 9.Bf4 Qxd6 10.Bxd6 Nd4 11.O-O-O Nf5 12.Bb4 b6 13.e4 Ne7 
14.f3 Nc6 15.Bd6 Ng8 16.Bc7 Nge7 17.Bxb6 O-O 18.Be2 Rb8 19.Bf2 f5 20.
Rd2 fxe4 21.Nxe4 d5 22.Nc5 a5 23.Rhd1 Rd8 24.f4 g6 25.Bf3 Nb4 26.a3 
Na6 27.Nxa6 Bxa6 28.Bh4 Rd7 29.Bxe7 Bxc4 30.Bf6 Rc7 31.Kb1 Rf7 32.Be5
Rb3 33.Be2 Bxe2 34.Rxe2 Rfb7 35.Ka2 a4 36.Rc1 Rd7 37.Rec2 Re3 38.Rc8+
Kf7 39.Rh8 g5 40.Rxh7+ Ke8 41.Rc8+ Rd8 42.Rh8+ Kf7 43.Rc7+ Kg6 44.
Rg7+ Kf5 45.Rxg5+ Ke4 46.Rxd8 Re2 47.h4 d4 48.Rxd4+ Ke3 49.Rxa4 1-0

[Event "XVe Open International de l'Indre"]
[Site "Chateauroux - FRA"]
[Date "2014.10.25"]
[Round "1.13"]
[White "Trendowski, Michal"]
[Black "Gauthier, Cyrille"]
[Result "1-0"]
[WhiteElo "1569"]
[BlackElo "2013"]
[Board "13"]
[Input " "]
[Owner "FFE"]

1.e4 d6 2.d4 Nf6 3.Bd3 e5 4.c3 Nc6 5.Bc2 Be7 6.h3 O-O 7.Nf3 Re8 8.O-O
Bf8 9.d5 Ne7 10.c4 c5 11.Nc3 h6 12.Be3 g5 13.Ne1 Ng6 14.f3 Nf4 15.a3 
N6h5 16.b4 b6 17.bxc5 bxc5 18.Ba4 Re7 19.Rb1 Bd7 20.Bxd7 Qxd7 21.Nd3 
f5 22.Bxf4 gxf4 23.Rf2 Rg7 24.Qa4 Qc8 25.Kh2 Ng3 26.Rfb2 fxe4 27.fxe4
Be7 28.Qc6 Bf8 29.Qxc8 Rxc8 30.Rb7 Rgc7 31.Kg1 Kf7 32.a4 Ke7 33.a5 
Kd7 34.a6 Rxb7 35.Rxb7+ Kd8 36.Rxa7 Rc7 37.Ra8+ Rc8 38.Ra7 Rc7 39.
Rxc7 Kxc7 40.Nb5+ Kb6 41.a7 Kb7 42.Nb2 Ne2+ 43.Kf2 Nd4 44.Nxd4 cxd4 
45.Nd3 Kxa7 46.c5 dxc5 47.Nxe5 Ka6 48.Nd7 Be7 49.e5 Kb5 50.d6 Bh4+ 
51.Ke2 Kc6 52.Nf8 c4 53.Ne6 d3+ 54.Kd2 Bg3 55.Nd4+ Kd7 56.Nf3 Bf2 57.
Nh2 Be3+ 58.Kc3 Bb6 59.Nf3 Ba5+ 60.Kxc4 d2 61.Nxd2 Bxd2 62.Kd5 Bb4 
63.e6+ Ke8 64.Ke5 Bc5 65.d7+ Ke7 66.Kxf4 Bd6+ 67.Kf5 Bb4 68.g4 Bc3 
69.h4 Bd4 70.g5 hxg5 71.hxg5 Bb6 72.g6 Bd4 73.Ke4 Bf6 74.Kd5 Bc3 75.
Kc6 Bf6 76.g7 Bxg7 77.Kc7 Be5+ 78.Kc8 1-0

[Event "XVe Open International de l'Indre"]
[Site "Chateauroux - FRA"]
[Date "2014.10.25"]
[Round "1.14"]
[White "Letemple, Frederic"]
[Black "Azen, Bernard"]
[Result "1-0"]
[WhiteElo "1950"]
[BlackElo "1540"]
[Board "14"]
[Input " "]
[Owner "FFE"]

1.d4 e6 2.Nf3 d5 3.c4 c6 4.Nc3 Nf6 5.Bg5 Be7 6.e3 Nbd7 7.Bd3 h6 8.Bh4
Nb6 9.c5 Nbd7 10.O-O O-O 11.h3 Ne8 12.Bg3 f5 13.b4 Nef6 14.Bh2 Ne4 
15.Ne2 Bf6 16.a4 Re8 17.b5 g5 18.Ne1 Bg7 19.bxc6 bxc6 20.a5 Rb8 21.
Bxb8 Nxb8 22.f3 Nf6 23.f4 g4 24.h4 Nh5 25.g3 Nd7 26.Kg2 Qc7 27.a6 Bf6
28.Qd2 Nxc5 29.Qa5 Qxa5 30.Rxa5 Nd7 31.Nc1 Bd8 32.Ra1 Nhf6 33.Nb3 Bb6
34.Nc2 Nb8 35.Nb4 Bd7 36.Rfc1 Rc8 37.Nc5 Kf7 38.Nxd7 Nfxd7 39.Bb5 c5 
40.dxc5 Rxc5 41.Bxd7 Nxd7 42.Rxc5 Nxc5 43.Rb1 Nd7 44.Kf2 Kf6 45.Nc6 
Nc5 46.Rxb6 1-0

[Event "XVe Open International de l'Indre"]
[Site "Chateauroux - FRA"]
[Date "2014.10.25"]
[Round "1.15"]
[White "Florence, Gerard"]
[Black "Augereau, Cyrille"]
[Result "0-1"]
[WhiteElo "1537"]
[BlackElo "1943"]
[Board "15"]
[Input " "]
[Owner "FFE"]

1.d4 Nc6 2.c4 e5 3.Nf3 Bb4+ 4.Nc3 e4 5.Ne5 Nf6 6.Bg5 h6 7.Bh4 Qe7 8.
Ng4 g5 9.Nxf6+ Qxf6 10.Bg3 Nxd4 11.Rc1 d6 12.Qa4+ Nc6 13.a3 Bxc3+ 14.
Rxc3 Bd7 15.Qc2 Qe7 16.e3 f5 17.Be2 O-O-O 18.O-O Rdf8 19.f4 exf3 20.
Bxf3 Ne5 21.Bd5 c6 22.c5 dxc5 23.Rxc5 f4 24.exf4 gxf4 25.Bxf4 Nd3 26.
Rc4 Nxf4 27.Rcxf4 Rxf4 28.Rxf4 Qe3+ 29.Rf2 Rf8 30.Bf3 Kb8 31.Qd1 Kc7 
32.Kf1 Be6 33.Qc2 Qd4 34.Qg6 Bc4+ 35.Kg1 Bd5 36.Qg3+ Kb6 37.Bxd5 Qd1+
38.Rf1 Qxf1# 0-1

[Event "XVe Open International de l'Indre"]
[Site "Chateauroux - FRA"]
[Date "2014.10.25"]
[Round "1.16"]
[White "Prevot, Rodolphe"]
[Black "Daliga, Anita"]
[Result "1-0"]
[WhiteElo "1922"]
[BlackElo "1489"]
[Board "16"]
[Input " "]
[Owner "FFE"]

1.Nf3 Nc6 2.d4 d5 3.h3 Nf6 4.Bf4 e6 5.e3 Ne7 6.Bd3 Ng6 7.Nbd2 Nxf4 8.
exf4 Bd6 9.Ne5 O-O 10.Qe2 c5 11.c3 cxd4 12.cxd4 Qb6 13.Ndf3 Bb4+ 14.
Kf1 Nd7 15.Bxh7+ Kh8 16.Bd3 Nxe5 17.Nxe5 g6 18.h4 Qxd4 19.h5 Qxf4 20.
hxg6+ Kg7 21.Rh7+ Kf6 22.Ng4+ Ke7 23.g3 Qd2 24.Qf3 Qxb2 25.Rb1 Qc3 
26.Rxf7+ Rxf7 27.Qxf7+ Kd6 28.Rb3 Qc1+ 29.Kg2 a5 30.Nf6 b6 31.Ne8+ 
Kc5 32.Qc7+ Kd4 33.Qxc1 Ba6 34.Qe3# 1-0

[Event "XVe Open International de l'Indre"]
[Site "Chateauroux - FRA"]
[Date "2014.10.25"]
[Round "1.17"]
[White "Budak, Rezan"]
[Black "Guillo, Nicolas"]
[Result "0-1"]
[WhiteElo "1482"]
[BlackElo "1900"]
[Board "17"]
[Input " "]
[Owner "FFE"]

1.e4 e6 2.Nf3 d5 3.exd5 exd5 4.Be2 Nf6 5.O-O Bd6 6.d4 O-O 7.Bg5 h6 8.
Bh4 Bf4 9.Nbd2 Qd6 10.Bg3 Bf5 11.c4 c6 12.c5 Qc7 13.Ne5 Bxg3 14.fxg3 
Bh7 15.Rf4 Nbd7 16.Ndf3 g5 17.Rxf6 Nxf6 18.Bd3 Ne4 19.Qc2 f5 20.g4 
fxg4 21.Nxg4 Qf4 22.Nf2 g4 23.Nxe4 dxe4 24.Bc4+ Kg7 25.Nh4 e3 26.Qe2 
Rad8 0-1

[Event "XVe Open International de l'Indre"]
[Site "Chateauroux - FRA"]
[Date "2014.10.25"]
[Round "1.18"]
[White "Gey, Marc-Emile"]
[Black "Claudon, Andreas"]
[Result "1-0"]
[WhiteElo "1888"]
[BlackElo "1479"]
[Board "18"]
[Input " "]
[Owner "FFE"]

1.d4 d5 2.Nf3 Nf6 3.c4 e6 4.g3 Bb4+ 5.Bd2 Bxd2+ 6.Nbxd2 O-O 7.Bg2 Nc6
8.O-O Re8 9.e3 Ne4 10.Nxe4 dxe4 11.Nd2 f5 12.a3 a5 13.f3 exf3 14.Nxf3
h6 15.Qc2 g5 16.Rad1 Qf6 17.e4 g4 18.e5 Qg7 19.Nh4 Ne7 20.Qe2 Ng6 21.
Nxg6 Qxg6 22.d5 Kg7 23.d6 Qf7 24.Rd4 h5 25.Qd2 cxd6 26.Rxd6 Kg6 27.
Be4 Kg7 28.Rxf5 exf5 29.Qh6+ Kg8 30.Rg6+ Qxg6 31.Qxg6+ Kf8 32.Bd5 Ke7
33.Qd6# 1-0

[Event "XVe Open International de l'Indre"]
[Site "Chateauroux - FRA"]
[Date "2014.10.25"]
[Round "1.19"]
[White "Wierzbowska, Aleksandra"]
[Black "Dubost, Christophe"]
[Result "1/2-1/2"]
[WhiteElo "1409"]
[BlackElo "1838"]
[Board "19"]
[Input " "]
[Owner "FFE"]

1.d4 d5 2.c4 e6 3.Nc3 Nf6 4.cxd5 exd5 5.Bg5 Be7 6.e3 c6 7.Qc2 O-O 8.
Bd3 Nbd7 9.Nge2 Re8 10.h3 Nf8 11.g4 Ne4 12.Bxe7 Qxe7 13.Bxe4 dxe4 14.
Ng3 c5 15.Nd5 Qd8 16.Qxc5 Bd7 17.Nc3 Ne6 18.Qd5 Qb6 19.O-O-O Red8 20.
Qxe4 Rac8 21.Nf5 Kh8 22.Ne7 Rc4 23.Nd5 Qa5 24.Kb1 Bc6 25.Qf5 Bxd5 26.
e4 Bxe4+ 27.Qxe4 Qb4 28.Nd5 Qd6 29.b3 Rc6 30.Ne3 Rc7 31.Nc4 Qb4 32.d5
Nc5 33.Qe3 Na4 34.Rc1 Rcd7 35.Rhd1 b6 36.Qf3 b5 37.Ne5 Re7 38.Nxf7+ 
Rxf7 39.Qxf7 Qe4+ 40.Rc2 Nc3+ 41.Kc1 Nxd1 42.Kxd1 Rxd5+ 43.Kc1 Qe1+ 
44.Kb2 Qe5+ 45.Ka3 Qd6+ 46.Kb2 Qe5+ 47.Ka3 Qd6+ 1/2-1/2

[Event "XVe Open International de l'Indre"]
[Site "Chateauroux - FRA"]
[Date "2014.10.25"]
[Round "1.20"]
[White "Budak, Rewi"]
[Black "Bleau, Benoit"]
[Result "1-0"]
[WhiteElo "1829"]
[BlackElo "1278"]
[Board "20"]
[Input " "]
[Owner "FFE"]

1.e4 e5 2.Nf3 Nc6 3.Bc4 h6 4.O-O Bc5 5.c3 d6 6.d4 Bb6 7.dxe5 Nxe5 8.
Nxe5 dxe5 9.Bxf7+ Ke7 10.Qb3 Qd3 11.Bxg8 Bd7 12.Rd1 Qe2 13.Qf7+ 1-0

[Event "XVe Open International de l'Indre"]
[Site "Chateauroux - FRA"]
[Date "2014.10.25"]
[Round "1.21"]
[White "Krianga, Georgii"]
[Black "Labbe, Georges"]
[Result "0-1"]
[WhiteElo "1277"]
[BlackElo "1819"]
[Board "21"]
[Input " "]
[Owner "FFE"]

1.e4 d6 2.d4 Nf6 3.Nc3 g6 4.Bc4 Bg7 5.Nf3 O-O 6.O-O c6 7.Bf4 b5 8.Bd3
a6 9.e5 dxe5 10.dxe5 Nd5 11.Nxd5 cxd5 12.c3 Nc6 13.Re1 e6 14.Qd2 Re8 
15.Bh6 Bh8 16.Qf4 f5 17.a3 Qc7 18.Qg3 Nd8 19.Ng5 Nb7 20.h4 Nc5 21.Bc2
Ne4 22.Nxe4 dxe4 23.Bf4 Bb7 24.h5 Kf7 25.hxg6+ hxg6 26.Rad1 Bd5 27.
Qh4 Bg7 28.Re3 Rh8 29.Qg3 Qc6 30.f3 exf3 31.gxf3 Rh5 32.Kg2 Rah8 33.
Qf2 g5 34.Bg3 f4 35.Bxf4 gxf4 36.Re4 Rh2+ 37.Kf1 Rxf2+ 38.Kxf2 Rh2+ 
39.Ke1 Rxc2 0-1

[Event "XVe Open International de l'Indre"]
[Site "Chateauroux - FRA"]
[Date "2014.10.25"]
[Round "1.22"]
[White "Gedda, Peder"]
[Black "Petit, Matthias"]
[Result "0-1"]
[WhiteElo "1801"]
[BlackElo "1263"]
[Board "22"]
[Input " "]
[Owner "FFE"]

1.e4 d5 2.e5 c5 3.Nf3 Nc6 4.Bb5 Qb6 5.Bxc6+ Qxc6 6.O-O Bg4 7.d4 cxd4 
8.Qxd4 Bxf3 9.gxf3 e6 10.Nc3 Bc5 11.Qg4 Ne7 12.Bd2 O-O-O 13.b4 h5 14.
Qf4 g5 15.Qxf7 Rdf8 16.Qg7 Nf5 17.Qg6 Rfg8 18.Qf6 Be7 19.b5 Qd7 20.
Qf7 Rg7 21.Qxg7 Nxg7 22.b6 axb6 23.Rab1 Qc7 24.Nb5 Qxe5 25.Bc3 Qf4 
26.Bxg7 Rg8 27.Nd4 Bd6 28.Rfe1 Qxh2+ 29.Kf1 Rxg7 30.Rb3 Bc5 31.Rc3 
Kd7 32.Rxc5 bxc5 33.Nxe6 Qh1+ 34.Ke2 Re7 0-1

[Event "XVe Open International de l'Indre"]
[Site "Chateauroux - FRA"]
[Date "2014.10.25"]
[Round "1.23"]
[White "Zarebska, Lena"]
[Black "Viers, Matthieu"]
[Result "0-1"]
[WhiteElo "1201"]
[BlackElo "1794"]
[Board "23"]
[Input " "]
[Owner "FFE"]

1.e4 d6 2.d4 Nf6 3.Nc3 g6 4.Nf3 Bg7 5.Be2 O-O 6.O-O c6 7.Bg5 b5 8.a3 
Bb7 9.Qd2 Nbd7 10.e5 dxe5 11.dxe5 Ng4 12.Rad1 Ndxe5 13.Qxd8 Raxd8 14.
Nxe5 Nxe5 15.Bxe7 Rxd1 16.Rxd1 Re8 17.Bc5 a5 18.Ne4 Ba6 19.b3 f5 20.
Ng5 Nf7 21.Nxf7 Rxe2 22.Ng5 Bf6 23.Nf3 Rxc2 24.Bb6 a4 25.bxa4 bxa4 
26.h3 Rc3 27.Bd4 Bxd4 28.Nxd4 Rxa3 29.Nxc6 Rc3 30.Nb4 Bc4 31.Rd8+ Kg7
32.Rc8 Kf7 33.Nd5 Rc1+ 34.Kh2 a3 35.Rc7+ Ke6 36.Nb4 f4 37.Rc8 g5 38.
Rc7 h5 39.Rc8 g4 40.h4 Rc3 41.Re8+ Kd7 42.Re1 a2 43.Ra1 Ra3 44.f3 
gxf3 45.gxf3 Rxf3 46.Kg1 Ra3 47.Kf2 Ra4 48.Nc2 Bb3 49.Ne1 Rd4 50.Nf3 
Rd1 51.Ne5+ Ke6 52.Rxd1 Bxd1 53.Nd3 a1=Q 54.Nb4 Qb2+ 55.Nc2 Qxc2+ 56.
Kg1 Bf3 57.Kf1 Qe2+ 58.Kg1 Qg2# 0-1

[Event "XVe Open International de l'Indre"]
[Site "Chateauroux - FRA"]
[Date "2014.10.25"]
[Round "1.24"]
[White "Kapala, Serge"]
[Black "Bohdanowicz, Nikola"]
[Result "1-0"]
[WhiteElo "1782"]
[BlackElo "1146"]
[Board "24"]
[Input " "]
[Owner "FFE"]

1.d4 Nf6 2.c4 e6 3.Nc3 Bb4 4.a3 Bxc3+ 5.bxc3 Nc6 6.Nf3 b6 7.Bg5 Bb7 
8.e3 O-O 9.Bd3 h6 10.Bh4 Re8 11.O-O d6 12.e4 e5 13.d5 Nb8 14.Nd2 c6 
15.Qe2 Nbd7 16.Nb3 Rc8 17.Qd2 Qc7 18.Rfc1 a6 19.Kh1 b5 20.cxb5 axb5 
21.c4 bxc4 22.Rxc4 Qb6 23.Rb4 Qa7 24.dxc6 Bxc6 25.f3 Nh5 26.Bf2 Qc7 
27.Be3 Rb8 28.Nc1 Rec8 29.Ne2 Nhf6 30.Ng3 d5 31.exd5 Nxd5 32.Rxb8 
Rxb8 33.Be4 Nxe3 34.Qxe3 Bxe4 35.Nxe4 Rc8 36.h3 f6 37.a4 Qa5 38.Qb3+ 
Kh8 39.Qe6 Nb6 40.Nd6 Ra8 41.Nf7+ Kh7 42.Nd6 Qc3 43.Rb1 Nxa4 44.Qf5+ 
Kg8 45.Qe6+ Kf8 46.Qf7# 1-0

[Event "XVe Open International de l'Indre"]
[Site "Chateauroux - FRA"]
[Date "2014.10.25"]
[Round "1.25"]
[White "Clement, Christian"]
[Black "Laudat, Philippe"]
[Result "0-1"]
[WhiteElo "1403"]
[BlackElo "1533"]
[Board "25"]
[Input " "]
[Owner "FFE"]

1.e4 e5 2.Nf3 d6 3.Nc3 Nf6 4.h3 Be7 5.Bc4 O-O 6.O-O Nc6 7.a3 b6 8.d3 
a5 9.Nd5 Nxd5 10.Bxd5 Bd7 11.Be3 Rb8 12.Qd2 Na7 13.b4 c6 14.Bb3 c5 
15.c3 b5 16.bxc5 dxc5 17.Nxe5 Nc6 18.Nxd7 Qxd7 19.Bd5 b4 20.Bxc6 Qxc6
21.axb4 axb4 22.cxb4 cxb4 23.Rab1 b3 24.Bd4 Rfd8 25.Qe3 Qd6 26.Ba7 
Rb7 27.Rfd1 b2 28.Rd2 Bf6 29.d4 Rxa7 30.e5 Bxe5 31.Qxe5 Qxe5 0-1

[Event "XVe Open International de l'Indre"]
[Site "Chateauroux - FRA"]
[Date "2014.10.26"]
[Round "2.1"]
[White "Inkiov, Ventzislav"]
[Black "Prevot, Rodolphe"]
[Result "1-0"]
[WhiteElo "2435"]
[BlackElo "1922"]
[Board "1"]
[Input " "]
[Owner "FFE"]

1.d4 Nf6 2.c4 c5 3.d5 b5 4.Nf3 bxc4 5.Nc3 g6 6.e4 d6 7.Bxc4 Bg7 8.O-O
Nbd7 9.h3 O-O 10.Bf4 Nb6 11.Bb5 Bd7 12.a4 Ne8 13.e5 Bxb5 14.axb5 Nc4 
15.Qe2 Nxe5 16.Nxe5 dxe5 17.Bxe5 Nd6 18.Bxg7 Kxg7 19.Ra6 Qd7 20.Rfa1 
Rab8 21.Rxa7 Rb7 22.Rxb7 Qxb7 23.Ra5 Rc8 24.b3 Nf5 25.Qe5+ f6 26.Qe4 
Nd4 27.d6 Qxe4 28.Nxe4 exd6 29.Ra7+ Kh6 30.Rb7 Nxb3 31.Nxd6 Ra8 32.b6
Ra1+ 33.Kh2 Ra6 34.Rb8 Na5 35.Rg8 Rxb6 36.Nf7+ Kh5 37.Rg7 h6 38.Rh7 
1-0

[Event "XVe Open International de l'Indre"]
[Site "Chateauroux - FRA"]
[Date "2014.10.26"]
[Round "2.2"]
[White "Guillo, Nicolas"]
[Black "Battaglini, Gabriel"]
[Result "0-1"]
[WhiteElo "1900"]
[BlackElo "2430"]
[Board "2"]
[Input " "]
[Owner "FFE"]

1.c4 c6 2.Nc3 d5 3.d4 e6 4.cxd5 exd5 5.g3 Nf6 6.Bg2 Bd6 7.Nf3 O-O 8.
O-O Re8 9.Qc2 Nbd7 10.Nh4 Nf8 11.Bg5 Ne6 12.Bxf6 Qxf6 13.e3 Ng5 14.
Rae1 Nh3+ 15.Kh1 g5 16.Nf3 Bf5 17.Qd2 Qg6 18.a3 Re6 19.Ne2 Qh5 20.
Neg1 Rh6 21.Nxh3 Bxh3 22.e4 Bxg2+ 23.Kxg2 Qh3+ 24.Kg1 Bf4 25.Qe2 g4 
0-1

[Event "XVe Open International de l'Indre"]
[Site "Chateauroux - FRA"]
[Date "2014.10.26"]
[Round "2.3"]
[White "Liohki, Nikola"]
[Black "Gey, Marc-Emile"]
[Result "1-0"]
[WhiteElo "2410"]
[BlackElo "1888"]
[Board "3"]
[Input " "]
[Owner "FFE"]

1.d4 d5 2.c4 e6 3.Nc3 Bb4 4.e3 Nf6 5.a3 Bxc3+ 6.bxc3 c5 7.cxd5 exd5 
8.Bd3 c4 9.Bc2 O-O 10.Ne2 Nbd7 11.O-O Qa5 12.f3 Re8 13.Bd2 Nb6 14.Ng3
Bd7 15.e4 Ba4 16.e5 Nfd7 17.f4 Bxc2 18.Qxc2 Qa4 19.Qf5 Nf8 20.Qg5 h6 
21.Qg4 Qc2 22.Rf2 Qg6 23.Qh3 Qh7 24.f5 Nbd7 25.Rf3 b5 26.Nh5 Kh8 27.
Nxg7 Qxg7 28.Bxh6 Qh7 29.Rg3 Ng6 30.fxg6 fxg6 31.Qg4 1-0